De materia medica Novae Hispaniae : libri quatuor = Cuatro libros sobre la materia médica de Nueva España : el manuscrito de Recchi. II /
Salvato in:
| Autore principale: | |
|---|---|
| Altri autori: | , |
| Natura: | Elettronico eBook |
| Lingua: | spagnolo latino |
| Pubblicazione: |
Aranjuez, Madrid : Valladolid :
Ediciones Doce Calles ; Junta de Castilla y León, Consejería de Educación y Cultura,
[1998]
|
| Serie: | Theatrum naturae. Serie Textos clásicos.
|
| Soggetti: | |
| Accesso online: | Digitalia Hispánica |
| Tags: |
Aggiungi Tag
Nessun Tag, puoi essere il primo ad aggiungerne!!
|
MARC
| LEADER | 00000nam a2200000 i 4500 | ||
|---|---|---|---|
| 001 | DIGDOCEC0022 | ||
| 003 | NyNyDIG | ||
| 007 | cr ||||||||||| | ||
| 008 | 240902s1998 sp a ob 000 0 spa d | ||
| 006 | m o d | ||
| 035 | |a (OCoLC)1456948297 | ||
| 040 | |a DGITA |b eng |e rda |e pn |c DGITA | ||
| 020 | |z 9788489796324 | ||
| 041 | 1 | |a spa |a lat |h lat | |
| 043 | |a n-mx--- | ||
| 050 | 1 | 4 | |a QH107 ebook |
| 100 | 1 | |a Hernández, Francisco, |d 1517-1587, |e author. | |
| 245 | 1 | 0 | |a De materia medica Novae Hispaniae : |b libri quatuor = Cuatro libros sobre la materia médica de Nueva España : el manuscrito de Recchi. |n II / |c [estudio introductorio] Raquel Álvarez Peláez ; [traducción y transcripción] Florentino Fernández González. |
| 246 | 3 | 1 | |a Cuatro libros sobre la materia médica de Nueva España : |b el manuscrito de Recchi. |n II |
| 246 | 3 | 0 | |a Manuscrito de Recchi |
| 264 | 1 | |a Aranjuez, Madrid : |b Ediciones Doce Calles ; |a Valladolid : |b Junta de Castilla y León, Consejería de Educación y Cultura, |c [1998] | |
| 300 | |a 1 online resource : |b illustrations (some color) | ||
| 336 | |a text |b txt |2 rdacontent | ||
| 337 | |a computer |b c |2 rdamedia | ||
| 338 | |a online resource |b cr |2 rdacarrier | ||
| 347 | |a text file |2 rdaft | ||
| 347 | |b PDF | ||
| 490 | 1 | |a Theatrum naturae. Colección de historia natural. Serie Textos clásicos | |
| 504 | |a Includes bibliographical references. | ||
| 546 | |a Text in Spanish and Latin. | ||
| 588 | 0 | |a Online resource; title from PDF title page (Digitalia, viewed Sepember 2, 2024) | |
| 600 | 1 | 0 | |a Hernández, Francisco, |d 1517-1587. |t Historia natural de Nueva España. |
| 650 | 0 | |a Materia medica |z Mexico |v Early works to 1800. | |
| 650 | 0 | |a Materia medica, Vegetable |z Mexico |v Early works to 1800. | |
| 700 | 1 | |a Álvarez Peláez, Raquel, |e contributor agent of text. | |
| 700 | 1 | |a Fernández González, Florentino, |e translator. | |
| 700 | 1 | 2 | |i Container of (work): |a Hernández, Francisco, |d 1517-1587. |t Historia natural de Nueva España. |k Selections. |
| 700 | 1 | 2 | |i Container of (expression): |a Hernández, Francisco, |d 1517-1587. |t Historia natural de Nueva España. |k Selections. |l Latin |s (Fernández González) |
| 791 | 2 | |a Digitalia (Firm), |e distributor. | |
| 793 | 0 | |g Digitalia eBook Collection: |a Ediciones Doce Calles | |
| 776 | 0 | 8 | |i Print version: |a Hernández, Francisco, 1517-1587. |t De materia medica Novae Hispaniae : libri quatuor = Cuatro libros sobre la materia médica de Nueva España : el manuscrito de Recchi. II. |d Aranjuez, Madrid : Ediciones Doce Calles ; Valladolid : Junta de Castilla y León, Consejería de Educación y Cultura, [1998] |z 9788489796324 |
| 830 | 0 | |a Theatrum naturae. |p Serie Textos clásicos. | |
| 856 | 4 | 0 | |3 Digitalia Hispánica |u https://digitalia.unach.elogim.com/a/157286/ |
| 910 | |a Premium collection: 2024 | ||